Every Country of Oceania by Coastline - Statistics

General Stats
  • This quiz has been taken 29 times
  • The average score is 12 of 14
Answer Stats
Km Country % Correct
34,100 Australia
100%
10,300 New Zealand
100%
11,200 Papua New Guinea
100%
20 Nauru
91%
2,610 Fiji
86%
275 Palau
86%
4,500 Solomon Islands
86%
78 Tuvalu
86%
1,170 Kiribati
82%
406 Marshall Islands
82%
342 Samoa
82%
346 Tonga
82%
2,270 Vanuatu
82%
345 Federated States of Micronesia
77%
No matching quizzes found
Score Distribution
Percent of People with Each Score
Percentile by Number Answered
Your Score History
You have not taken this quiz